000 00768nam a2200241 a 4500
001 000011860
005 20240530073912.0
008 091028s2006 dr 000 f spa d
020 _a9945410156
040 _aDO-SdBNP
_bspa
_cBNPHU
082 _aRD863.44
_bC764t, 2006
100 1 _aContreras, Hilma,
_d1913-2006
_914873
245 1 3 _aLa tierra está bramando /
_cHilma Contreras.
260 _aSanto Domingo :
_bLetra gráfica,
_c2006.
300 _a103 p. ;
_c18 cm.
490 1 _aBreve letra gráfica
586 _aPremio Nacional de Literatura 2002.
590 _aInventariado, 2019/VM
650 0 _aNovela dominicana
_9223
650 0 _aLiteratura dominicana.
_967
830 0 _aBreve letra gráfica
_91105
910 _aValidado. Control de calidad MMOLINA
999 _c11534
_d11534